[Event "DEM U10/U10w 2000"]
[Site "Überlingen GER"]
[Date "2000.06.07"]
[Round "7"]
[White "Lubbe, Nikolas"]
[Black "Weiß, Katharina"]
[Result "1-0"]
[Termination "normal"]
[Board "13"]
[WhiteElo "1110"]
[BlackElo "897"]
[PlyCount "73"]
[WhiteFideId "4694031"]
[BlackFideId "24692859"]
[EventCountry "GER"]
[EventRounds "11"]
[EventType "swiss"]
[EventDate "2000.06.03"]

1. e4 c5 2. Nf3 d6 3. d4 cxd4 4. Nxd4 Nf6 5. Nc3 g6 6. Be3 Bg7 7. f3 O-O 8. Qd2
Nc6 9. O-O-O a6 10. g4 b5 11. Nxc6 Qd7 12. Nd4 Bb7 13. h4 h5 14. gxh5 Nxh5 15.
Bh3 Qc7 16. Kb1 b4 17. Nd5 Bxd5 18. exd5 a5 19. Bg5 Nf6 20. h5 Rab8 21. hxg6
fxg6 22. Be6+ Rf7 23. Bxf7+ Kxf7 24. Ne6 Qd7 25. Bh6 Rg8 26. Bxg7 Rxg7 27. Nxg7
Kxg7 28. Qe3 Qc7 29. Rhe1 Ng8 30. Qe6 Qb7 31. Rg1 Nf6 32. Rde1 Kf8 33. Rxg6 Qb8
34. Rxf6+ exf6 35. Qxf6+ Kg8 36. Rg1+ Kh7 37. Qg7# 1-0

[Event "DEM U10/U10w 2000"]
[Site "Überlingen GER"]
[Date "2000.06.07"]
[Round "7"]
[White "Zeuner, Felix"]
[Black "Wortmann, Jonas"]
[Result "0-1"]
[Termination "normal"]
[Board "14"]
[WhiteElo "830"]
[BlackElo "1184"]
[PlyCount "98"]
[BlackFideId "24628069"]
[EventCountry "GER"]
[EventRounds "11"]
[EventType "swiss"]
[EventDate "2000.06.03"]

1. e4 c5 2. Nf3 Nc6 3. d4 cxd4 4. Nxd4 e6 5. Nc3 a6 6. Bd3 Nxd4 7. Be3 Nc6 8.
Qd2 Bb4 9. a3 Bxc3 10. Qxc3 Qf6 11. Qxf6 Nxf6 12. O-O-O d5 13. f3 b5 14. Bc5
Bb7 15. Rhe1 O-O-O 16. e5 Nd7 17. Bd6 Nd4 18. f4 Nc6 19. Re2 Nb6 20. c3 Nc4 21.
Bc5 N6a5 22. Kc2 Kc7 23. Ra1 Bc6 24. b4 Nb7 25. Bd4 Kb8 26. g4 h6 27. h3 h5 28.
g5 g6 29. h4 Rc8 30. Kc1 a5 31. Rea2 Bd7 32. Rb1 Kc7 33. Kd1 Kd8 34. Ke2 Ke7
35. Kf3 Ra8 36. Rba1 axb4 37. axb4 Rxa2 38. Rxa2 Bc6 39. Ra6 Kd7 40. Ke2 Rc8
41. Kd1 Nd8 42. Kc2 Ke8 43. Bb6 Bb7 44. Ra7 Nxb6 45. Rxb7 Nxb7 46. Bxb5+ Nd7
47. Kb3 Kd8 48. Ka4 Nb6+ 49. Kb3 Nc4 0-1

[Event "DEM U10/U10w 2000"]
[Site "Überlingen GER"]
[Date "2000.06.07"]
[Round "7"]
[White "Nekrassowa, Katja"]
[Black "Schmidt, David"]
[Result "0-1"]
[Termination "time forfeit"]
[Board "15"]
[WhiteElo "361"]
[BlackElo "1078"]
[PlyCount "70"]
[EventCountry "GER"]
[EventRounds "11"]
[EventType "swiss"]
[EventDate "2000.06.03"]

1. e4 e5 2. Nf3 Nc6 3. Bc4 Bc5 4. Nc3 Nf6 5. d3 d6 6. h3 h6 7. Be3 Bb4 8. a3
Bxc3+ 9. bxc3 O-O 10. O-O Be6 11. Bb3 d5 12. exd5 Nxd5 13. Bxd5 Qxd5 14. c4 Qd7
15. Rb1 b6 16. c5 Qd5 17. cxb6 axb6 18. Ra1 Qd6 19. Qc1 Ra6 20. Qb2 Rfa8 21.
Bc1 Bd7 22. Re1 f6 23. Qb3+ Be6 24. c4 Nd4 25. Nxd4 Qxd4 26. Bb2 Qd6 27. Qb4
Qxd3 28. c5 Qc4 29. Qxc4 Bxc4 30. cxb6 cxb6 31. Rec1 Bf7 32. g3 Be6 33. h4 Kh7
34. f4 exf4 35. gxf4 35... Kg6 0-1

[Event "DEM U10/U10w 2000"]
[Site "Überlingen GER"]
[Date "2000.06.07"]
[Round "7"]
[White "Prum, Alexander"]
[Black "Fischer, Sven"]
[Result "0-1"]
[Termination "normal"]
[Board "16"]
[WhiteElo "351"]
[BlackElo "1028"]
[PlyCount "130"]
[EventCountry "GER"]
[EventRounds "11"]
[EventType "swiss"]
[EventDate "2000.06.03"]

1. e4 c5 2. Nf3 Nc6 3. d4 cxd4 4. Nxd4 g6 5. Be3 Bg7 6. Bc4 d6 7. Nc3 Bd7 8.
O-O Nf6 9. Bb3 O-O 10. Re1 Na5 11. h3 Nxb3 12. axb3 a6 13. Qd2 Rc8 14. Kh2 Qc7
15. Bg5 d5+ 16. g3 Nxe4 17. Nxe4 dxe4 18. Bxe7 Rfe8 19. Rxe4 Bf5 20. Nxf5 gxf5
21. Re2 Rxe7 22. Rxe7 Qxe7 23. c3 Re8 24. b4 Qe2 25. Qf4 Qxb2 26. Ra5 Qxc3 27.
Rxf5 Rf8 28. h4 Qd4 29. Qg5 h6 30. Qh5 Qxb4 31. g4 Qd6+ 32. Kg2 Qg6 33. Qxg6
fxg6 34. Ra5 Bd4 35. Rd5 Bxf2 36. Rd6 Bxh4 37. Rxg6+ Kh7 38. Rb6 Rb8 39. Rd6
Bg5 40. Rd7+ Kg6 41. Rd6+ Kf7 42. Rd7+ Ke6 43. Rd1 b5 44. Re1+ Kd5 45. Rd1+ Kc4
46. Re1 a5 47. Re4+ Kc3 48. Re6 a4 49. Rc6+ Kb2 50. Re6 b4 51. Re2+ Kc3 52. Rf2
a3 53. Rf3+ Kc4 54. Rf7 b3 55. Rc7+ Kd3 56. Rd7+ Kc2 57. Rc7+ Kb1 58. Rf7 a2
59. Rf2 a1=Q 60. Rf1+ Bc1 61. Kg1 Qd4+ 62. Kh1 Qxg4 63. Re1 Rg8 64. Rxc1+ Kxc1
65. Kh2 Qg2# 0-1

[Event "DEM U10/U10w 2000"]
[Site "Überlingen GER"]
[Date "2000.06.07"]
[Round "7"]
[White "Hofmann, Christine"]
[Black "Chyzynski, David"]
[Result "1-0"]
[Termination "normal"]
[Board "18"]
[WhiteElo "966"]
[BlackElo "793"]
[PlyCount "69"]
[BlackFideId "12956155"]
[EventCountry "GER"]
[EventRounds "11"]
[EventType "swiss"]
[EventDate "2000.06.03"]

1. d4 c5 2. c4 Nc6 3. Nf3 d6 4. e3 Bg4 5. Nc3 Nf6 6. Bd3 cxd4 7. h3 Bh5 8. Ne2
e5 9. exd4 e4 10. Ng5 exd3 11. Qxd3 Be7 12. Bd2 Bg6 13. Qf3 O-O 14. O-O d5 15.
b3 Re8 16. Bc3 Nh5 17. cxd5 Bxg5 18. dxc6 bxc6 19. Rfe1 Nf6 20. Qxc6 Bh5 21.
Ng3 Rxe1+ 22. Rxe1 Rc8 23. Ba5 Qf8 24. Qb5 Qd6 25. Qxg5 Bg6 26. Nf5 Qa3 27. Bd2
Kf8 28. Ne7 h6 29. Qg3 Ne4 30. Rxe4 Bxe4 31. Nxc8 Qxa2 32. Qd6+ Kg8 33. Ne7+
Kh8 34. Qd8+ Kh7 35. Qg8# 1-0

[Event "DEM U10/U10w 2000"]
[Site "Überlingen GER"]
[Date "2000.06.07"]
[Round "7"]
[White "Gorodetski, Boris"]
[Black "Erben, Larissa"]
[Result "1-0"]
[Termination "normal"]
[Board "19"]
[WhiteElo "311"]
[BlackElo "918"]
[PlyCount "81"]
[BlackFideId "24634590"]
[EventCountry "GER"]
[EventRounds "11"]
[EventType "swiss"]
[EventDate "2000.06.03"]

1. d4 d5 2. e3 Bf5 3. Bd3 Bg6 4. Bxg6 hxg6 5. Bd2 Nc6 6. Nc3 Nf6 7. Qe2 a6 8.
O-O-O e6 9. f4 Bd6 10. Nf3 Qe7 11. Ne5 Bb4 12. Nxc6 bxc6 13. e4 Bxc3 14. Bxc3
Nxe4 15. Qe3 Nxc3 16. Qxc3 Qd6 17. Rdf1 a5 18. a3 a4 19. h4 Qe7 20. Qxc6+ Qd7
21. Qxa8+ Qd8 22. Qxd8+ Kxd8 23. Kd2 Ke7 24. g4 Kf6 25. h5 gxh5 26. Rxh5 Rxh5
27. gxh5 Kf5 28. Rg1 Kf6 29. Kc3 Kf5 30. Rxg7 Kxf4 31. h6 f5 32. h7 Ke4 33.
h8=Q f4 34. Rf7 Ke3 35. Qh3+ Ke4 36. Qh4 Ke3 37. Qxf4+ Ke2 38. Rg7 e5 39. Rg2+
Ke1 40. Qf2+ Kd1 41. Qd2# 1-0

[Event "DEM U10/U10w 2000"]
[Site "Überlingen GER"]
[Date "2000.06.07"]
[Round "7"]
[White "Schulz, Michael"]
[Black "Fischer, Patrick"]
[Result "1-0"]
[Termination "normal"]
[Board "20"]
[WhiteElo "863"]
[BlackElo "649"]
[PlyCount "43"]
[EventCountry "GER"]
[EventRounds "11"]
[EventType "swiss"]
[EventDate "2000.06.03"]

1. e4 e6 2. d4 d5 3. e5 c5 4. c3 Nc6 5. Bb5 Bd7 6. Bxc6 Bxc6 7. Nf3 Qb6 8. O-O
cxd4 9. cxd4 Bb5 10. Re1 f6 11. Nc3 Ne7 12. exf6 gxf6 13. Nxb5 Qxb5 14. Rxe6
Bg7 15. Qe1 Qd7 16. b3 h6 17. Ba3 Bf8 18. Rxf6 Rh7 19. Ne5 Qc7 20. Ng6 Rd8 21.
Qe6 Rd7 22. Rxf8# 1-0

[Event "DEM U10/U10w 2000"]
[Site "Überlingen GER"]
[Date "2000.06.07"]
[Round "7"]
[White "Fuchs, Judith"]
[Black "Fink, Leander"]
[Result "1/2-1/2"]
[Termination "normal"]
[Board "21"]
[WhiteElo "727"]
[BlackElo "712"]
[PlyCount "94"]
[WhiteFideId "24605611"]
[BlackFideId "24605247"]
[EventCountry "GER"]
[EventRounds "11"]
[EventType "swiss"]
[EventDate "2000.06.03"]

1. e4 c5 2. Nf3 Nc6 3. d4 cxd4 4. Nxd4 e5 5. Nb5 d6 6. Be3 Be7 7. N1c3 a6 8.
Na3 b5 9. Nd5 Be6 10. c4 b4 11. Nc2 Nf6 12. Nxf6+ Bxf6 13. Bd3 O-O 14. O-O Bg5
15. Qd2 Bxe3 16. Qxe3 Re8 17. b3 Qd7 18. f4 Red8 19. f5 Ne7 20. fxe6 Qxe6 21.
Rf2 Ng6 22. Raf1 Nf4 23. Qf3 Rd7 24. Be2 Rda7 25. Ne3 f6 26. Qg4 Qf7 27. g3 h5
28. Qf3 Nh3+ 29. Kg2 Nxf2 30. Rxf2 a5 31. c5 Qd7 32. Bc4+ Kf8 33. Qxh5 Ke7 34.
Qf7+ Kd8 35. Qf8+ Kc7 36. cxd6+ Qxd6 37. Nd5+ Kc6 38. Qxd6+ Kxd6 39. Rd2 Kc5
40. h4 a4 41. Kf3 a3 42. Kg4 Rd7 43. Kf5 Rd6 44. g4 Rb8 45. Rh2 Rh8 46. g5 fxg5
47. Kxg5 Rf8 1/2-1/2

[Event "DEM U10/U10w 2000"]
[Site "Überlingen GER"]
[Date "2000.06.07"]
[Round "7"]
[White "Katte, Nicolas"]
[Black "Ahlers, Hendrik"]
[Result "1-0"]
[Termination "normal"]
[Board "22"]
[WhiteElo "1148"]
[BlackElo "504"]
[PlyCount "101"]
[WhiteFideId "24614149"]
[EventCountry "GER"]
[EventRounds "11"]
[EventType "swiss"]
[EventDate "2000.06.03"]

1. e4 e5 2. Nf3 Nc6 3. d4 Nf6 4. Bg5 Be7 5. Bxf6 Bxf6 6. d5 Nd4 7. c3 Nxf3+ 8.
Qxf3 d6 9. Bc4 c6 10. O-O cxd5 11. Bxd5 O-O 12. Nd2 Rb8 13. Nb3 Be6 14. Rfd1
Bxd5 15. Rxd5 Be7 16. Rad1 Qc7 17. Qe3 Rfd8 18. Nd2 h6 19. Nf3 Rd7 20. Qxa7
Rbd8 21. Qe3 Ra8 22. a3 f6 23. Rc1 Rf8 24. Nh4 Kh7 25. Qf3 Qb6 26. Qf5+ Kg8 27.
Qxd7 Bd8 28. Qe6+ Kh7 29. Qxd6 Qxd6 30. Rxd6 Bc7 31. Rd7 Rc8 32. Nf5 Bb8 33.
Rxb7 Rd8 34. Rxg7+ Kh8 35. Re7 h5 36. Nh6 Bd6 37. Nf7+ Kg8 38. Nxd8 Bxe7 39.
Rd1 Bxd8 40. Rxd8+ Kf7 41. Rd1 Ke6 42. c4 f5 43. exf5+ Kxf5 44. c5 Kf4 45. c6
e4 46. c7 h4 47. c8=Q e3 48. fxe3+ Kxe3 49. b4 Kf4 50. b5 Kg5 51. b6 1-0

[Event "DEM U10/U10w 2000"]
[Site "Überlingen GER"]
[Date "2000.06.07"]
[Round "7"]
[White "Herkt, Laura"]
[Black "Laake, Tamara"]
[Result "1/2-1/2"]
[Termination "normal"]
[Board "23"]
[WhiteElo "924"]
[BlackElo "492"]
[PlyCount "50"]
[EventCountry "GER"]
[EventRounds "11"]
[EventType "swiss"]
[EventDate "2000.06.03"]

1. c4 e5 2. Nc3 Nf6 3. Nf3 Nc6 4. g3 d5 5. cxd5 Nxd5 6. Nxd5 Qxd5 7. d3 Be7 8.
Bg2 Qa5+ 9. Bd2 Qb5 10. b3 O-O 11. O-O Rd8 12. Re1 Bf6 13. Rb1 Be6 14. Qc2 Nb4
15. Bxb4 Qxb4 16. e4 Qd6 17. Red1 Qd7 18. Rbc1 Rac8 19. Qd2 h6 20. Qa5 b6 21.
Qxa7 Ra8 22. Qxc7 Qxc7 23. Rxc7 Rxa2 24. Rc3 Ra3 25. Rb1 b5 1/2-1/2

[Event "DEM U10/U10w 2000"]
[Site "Überlingen GER"]
[Date "2000.06.07"]
[Round "7"]
[White "Zahn, Benno"]
[Black "Rath, Oliver"]
[Result "0-1"]
[Termination "normal"]
[Board "24"]
[WhiteElo "883"]
[BlackElo "332"]
[PlyCount "92"]
[WhiteFideId "24636070"]
[BlackFideId "24610380"]
[EventCountry "GER"]
[EventRounds "11"]
[EventType "swiss"]
[EventDate "2000.06.03"]

1. e4 e5 2. Nf3 Nc6 3. Bc4 Nf6 4. Nc3 Bc5 5. d3 d6 6. Bg5 h6 7. Bxf6 Qxf6 8.
Nd5 Qd8 9. O-O O-O 10. a3 a6 11. b4 Ba7 12. h3 b5 13. Bb3 Rb8 14. c3 Be6 15. d4
exd4 16. cxd4 Bxd5 17. Bxd5 Ne7 18. Qb3 c6 19. Bxc6 Nxc6 20. d5 Nd4 21. Nxd4
Bxd4 22. Rac1 Be5 23. Kh1 Rc8 24. Qe3 Rxc1 25. Rxc1 Qa8 26. f4 Bf6 27. e5 dxe5
28. fxe5 Bg5 29. Qc5 Bxc1 30. Qxc1 Qxd5 31. Qe3 Rc8 32. Kh2 Rc2 33. Qg3 Re2 34.
Qg4 Qxe5+ 35. Qg3 Qxg3+ 36. Kxg3 Re3+ 37. Kh2 Rxa3 38. h4 a5 39. bxa5 b4 40. a6
b3 41. a7 b2 42. a8=Q+ Rxa8 43. g3 b1=Q 44. Kh3 Qf5+ 45. Kg2 Ra2+ 46. Kg1 Qb1#
0-1

[Event "DEM U10/U10w 2000"]
[Site "Überlingen GER"]
[Date "2000.06.07"]
[Round "7"]
[White "Aghadjanian, Annie"]
[Black "Ugur, Özgür"]
[Result "1-0"]
[Termination "normal"]
[Board "25"]
[WhiteElo "843"]
[BlackElo "183"]
[PlyCount "97"]
[EventCountry "GER"]
[EventRounds "11"]
[EventType "swiss"]
[EventDate "2000.06.03"]

1. e4 e5 2. Nf3 Nc6 3. Bc4 Bc5 4. Nc3 Nf6 5. d3 h6 6. Be3 Bb6 7. Qd2 d6 8.
O-O-O Bd4 9. Rhg1 Be6 10. a3 a6 11. h3 b5 12. Bxe6 fxe6 13. Ne2 Ba7 14. Bxa7
Rxa7 15. d4 Nxe4 16. Qe3 d5 17. dxe5 Qe7 18. Ned4 Nxd4 19. Nxd4 Qd7 20. Nxe6
Rb7 21. Nc5 Nxc5 22. Qxc5 c6 23. Rge1 Qe6 24. f4 Kd7 25. g4 Rhb8 26. f5 Qe8 27.
Qd6+ Kc8 28. f6 a5 29. fxg7 Rxg7 30. Qxh6 Rf7 31. Qg6 Kc7 32. e6 Re7 33. Qf6
Rd8 34. Re2 Kb6 35. h4 Rd6 36. Rde1 d4 37. g5 d3 38. cxd3 Rxd3 39. h5 Rd5 40.
Re5 Rd4 41. g6 Rc4+ 42. Kb1 Qd8 43. g7 Qd3+ 44. Ka1 Qb3 45. g8=Q Rc2 46. Rb1 b4
47. Qxe7 bxa3 48. Qb8+ Ka6 49. Qea7# 1-0

[Event "DEM U10/U10w 2000"]
[Site "Überlingen GER"]
[Date "2000.06.07"]
[Round "7"]
[White "Müller, Jan Hendrik"]
[Black "Schleißinger, Patrick"]
[Result "1-0"]
[Termination "normal"]
[Board "30"]
[WhiteElo "1144"]
[BlackElo "761"]
[PlyCount "91"]
[WhiteFideId "24615048"]
[EventCountry "GER"]
[EventRounds "11"]
[EventType "swiss"]
[EventDate "2000.06.03"]

1. e4 e5 2. Nf3 Nc6 3. Bc4 Bc5 4. c3 Nf6 5. d4 exd4 6. cxd4 Bb4+ 7. Bd2 O-O 8.
d5 Bxd2+ 9. Nbxd2 Ne7 10. e5 Ng4 11. h3 Nh6 12. O-O Re8 13. Re1 c6 14. dxc6
dxc6 15. Ne4 Bf5 16. Nd6 Rf8 17. Nxb7 Qb6 18. Qb3 Qxb3 19. Bxb3 Nd5 20. Nd4 Nb4
21. Nc5 Rfd8 22. Rad1 Re8 23. a3 Nd5 24. Nxc6 Nf4 25. Rd4 Ng6 26. e6 Kh8 27. e7
Rac8 28. Rd8 Ng8 29. Bxf7 Rcxd8 30. exd8=Q Rxd8 31. Nxd8 h6 32. Re8 N6e7 33.
Nc6 Bg6 34. Rf8 Bxf7 35. Nxe7 Ba2 36. b3 Kh7 37. Rxg8 Bb1 38. Ra8 Bc2 39. Rxa7
Bb1 40. b4 Ba2 41. b5 Bc4 42. b6 Bf7 43. b7 Bc4 44. b8=Q Bf7 45. Ra8 g5 46.
Qh8# 1-0

[Event "DEM U10/U10w 2000"]
[Site "Überlingen GER"]
[Date "2000.06.07"]
[Round "7"]
[White "Winkelmann, Elena"]
[Black "Rutz, Marco"]
[Result "1/2-1/2"]
[Termination "normal"]
[Board "31"]
[WhiteElo "741"]
[BlackElo "951"]
[PlyCount "68"]
[WhiteFideId "24607630"]
[EventCountry "GER"]
[EventRounds "11"]
[EventType "swiss"]
[EventDate "2000.06.03"]

1. d4 d5 2. c4 e6 3. Nc3 Nf6 4. cxd5 exd5 5. Bg5 Be6 6. e3 a6 7. Bd3 Be7 8. Nf3
h6 9. Bf4 Nc6 10. O-O O-O 11. a3 Bd6 12. Bxd6 Qxd6 13. Re1 Rfe8 14. b4 b5 15.
Ne2 Qd7 16. Rc1 Ne7 17. Ne5 Qd6 18. Nf4 Bf5 19. Bxf5 Nxf5 20. Nf3 a5 21. Qb3 a4
22. Qc2 Rac8 23. Qxf5 c6 24. Ne5 Rc7 25. Qc2 Rec8 26. Nfd3 Ne4 27. f3 Ng5 28.
Nc5 Ra8 29. f4 Nh7 30. Qf5 Nf6 31. Qb1 Nh7 32. Ncd3 f6 33. Nf3 Nf8 34. Qc2 Nh7
1/2-1/2

[Event "DEM U10/U10w 2000"]
[Site "Überlingen GER"]
[Date "2000.06.07"]
[Round "7"]
[White "Weber, Kristina"]
[Black "Weber, Max"]
[Result "1/2-1/2"]
[Termination "normal"]
[Board "32"]
[WhiteElo "704"]
[BlackElo "911"]
[PlyCount "72"]
[BlackFideId "24606146"]
[EventCountry "GER"]
[EventRounds "11"]
[EventType "swiss"]
[EventDate "2000.06.03"]

1. e4 g6 2. d4 Bg7 3. Nc3 d6 4. Nf3 c6 5. g3 b5 6. a3 Bb7 7. Bg2 Nf6 8. O-O a6
9. e5 Nd5 10. Nxd5 cxd5 11. exd6 Qxd6 12. Bf4 Qd8 13. Qe2 O-O 14. Rfe1 e6 15.
Qe3 Nd7 16. Bh6 Rc8 17. c3 Qb6 18. Bxg7 Kxg7 19. Ne5 Nxe5 20. Qxe5+ Kg8 21. a4
bxa4 22. Rxa4 Qc7 23. Qf6 Qd7 24. Ra5 Qd8 25. Qxd8 Rfxd8 26. Bf1 Rc6 27. Rea1
Rb6 28. R1a2 Rb8 29. Bxa6 Rxa6 30. Rxa6 Bxa6 31. Rxa6 Rxb2 32. Rc6 Rd2 33. Kg2
Kg7 34. Kf3 Kf6 35. Ke3 Rc2 36. h4 h5 1/2-1/2

[Event "DEM U10/U10w 2000"]
[Site "Überlingen GER"]
[Date "2000.06.07"]
[Round "7"]
[White "Scheerer, Kim"]
[Black "Armbrüster, Clemens"]
[Result "1/2-1/2"]
[Termination "normal"]
[Board "33"]
[WhiteElo "879"]
[BlackElo "584"]
[PlyCount "72"]
[BlackFideId "12969699"]
[EventCountry "GER"]
[EventRounds "11"]
[EventType "swiss"]
[EventDate "2000.06.03"]

1. e4 e5 2. Nf3 Nc6 3. Bc4 Bc5 4. Nc3 Nf6 5. d3 d6 6. O-O h6 7. h3 O-O 8. Bd2
Re8 9. Nd5 Be6 10. Nxf6+ Qxf6 11. Bxe6 Qxe6 12. c3 f5 13. exf5 Qxf5 14. Be3
Bxe3 15. fxe3 e4 16. Nd4 Qc5 17. Nxc6 Qxc6 18. d4 d5 19. Qg4 Qe6 20. Qg3 c6 21.
Rf2 Re7 22. Raf1 Kh7 23. Rf8 Rxf8 24. Rxf8 b6 25. Qb8 Kg6 26. Qg3+ Kh7 27. Qb8
c5 28. dxc5 bxc5 29. Rh8+ Kg6 30. Qg3+ Kf7 31. Qf4+ Qf6 32. Qxf6+ Kxf6 33. Rc8
c4 34. Rc5 Rd7 35. b4 cxb3 36. axb3 Ke5 1/2-1/2

[Event "DEM U10/U10w 2000"]
[Site "Überlingen GER"]
[Date "2000.06.07"]
[Round "7"]
[White "Müller, Jonathan"]
[Black "von Berg, Martin"]
[Result "1-0"]
[Termination "normal"]
[Board "35"]
[WhiteElo "487"]
[BlackElo "875"]
[PlyCount "87"]
[EventCountry "GER"]
[EventRounds "11"]
[EventType "swiss"]
[EventDate "2000.06.03"]

1. e4 c5 2. Nf3 Nc6 3. d4 cxd4 4. Nxd4 g6 5. Nc3 Bg7 6. Be3 Nf6 7. f3 O-O 8.
Qd2 Re8 9. O-O-O d5 10. h4 Be6 11. Nxe6 fxe6 12. exd5 exd5 13. Nxd5 Rc8 14. Bc4
Ne5 15. Nxf6+ Kh8 16. Nxe8 Qxd2+ 17. Rxd2 Nxc4 18. Rd3 Nxe3 19. Nxg7 Rxc2+ 20.
Kb1 Rc7 21. Ne6 Rc8 22. Rxe3 Kg8 23. Rhe1 h6 24. Nd4 Rd8 25. Nb3 Kf8 26. Rxe7
Rb8 27. Nc5 Kg8 28. Re8+ Rxe8 29. Rxe8+ Kf7 30. Ra8 b6 31. Rxa7+ Kf6 32. Nd3
Kf5 33. g4+ Kf6 34. Ra6 g5 35. h5 Kg7 36. Rxb6 Kh7 37. a4 Kg7 38. a5 Kf7 39.
Rxh6 Ke7 40. a6 Kd7 41. a7 Kc7 42. a8=Q Kd7 43. Qa7+ Kd8 44. Rh8# 1-0

[Event "DEM U10/U10w 2000"]
[Site "Überlingen GER"]
[Date "2000.06.07"]
[Round "7"]
[White "Terwitte, Jakob"]
[Black "Mucha, Annegret"]
[Result "0-1"]
[Termination "normal"]
[Board "36"]
[WhiteElo "831"]
[BlackElo "485"]
[PlyCount "83"]
[BlackFideId "24622788"]
[EventCountry "GER"]
[EventRounds "11"]
[EventType "swiss"]
[EventDate "2000.06.03"]

1. d4 d5 2. c4 e6 3. Nc3 Nf6 4. Bg5 Nbd7 5. cxd5 exd5 6. Nxd5 Nxd5 7. Bxd8 Bb4+
8. Qd2 Bxd2+ 9. Kxd2 Kxd8 10. e4 N5f6 11. f3 Nb6 12. Bd3 Bd7 13. Ne2 h6 14.
Rac1 c6 15. Rhg1 Re8 16. g4 Rc8 17. g5 hxg5 18. Rxg5 g6 19. Ra5 a6 20. Rc3 Ra8
21. Rb3 Kc7 22. Rc5 Na4 23. Rg5 Rh8 24. Rg2 Be6 25. Ra3 Nxb2 26. Kc3 Nxd3 27.
Kxd3 Rh3 28. Kd2 Rah8 29. d5 cxd5 30. exd5 Bxd5 31. Nf4 Rxh2 32. Nxd5+ Nxd5 33.
Rxh2 Rxh2+ 34. Kd3 Nb4+ 35. Ke4 Rxa2 36. Rc3+ Kb6 37. Rb3 a5 38. Kd4 Rc2 39. f4
Kc6 40. Ra3 b6 41. Rc3+ Rxc3 42. Kxc3 0-1

[Event "DEM U10/U10w 2000"]
[Site "Überlingen GER"]
[Date "2000.06.07"]
[Round "7"]
[White "Lange, Jan-David"]
[Black "Collmann, Martin"]
[Result "0-1"]
[Termination "normal"]
[Board "37"]
[WhiteElo "1000"]
[BlackElo "496"]
[PlyCount "76"]
[WhiteFideId "24614963"]
[EventCountry "GER"]
[EventRounds "11"]
[EventType "swiss"]
[EventDate "2000.06.03"]

1. e4 c5 2. Nf3 Nc6 3. d4 cxd4 4. Nxd4 e6 5. Nc3 Nf6 6. f3 Bb4 7. Be3 O-O 8.
Qd2 Re8 9. O-O-O d5 10. Bb5 a6 11. Nxc6 bxc6 12. Bxc6 Rb8 13. Bxe8 Qxe8 14. Bf4
e5 15. Bg5 d4 16. Bxf6 gxf6 17. Qd3 dxc3 18. b3 a5 19. Qd8 Be6 20. Qxe8+ Rxe8
21. Rd3 f5 22. Rhd1 a4 23. Rd8 Rxd8 24. Rxd8+ Kg7 25. Rb8 Bd6 26. Ra8 fxe4 27.
fxe4 axb3 28. axb3 f5 29. Ra7+ Kf6 30. exf5 Bxf5 31. Ra6 Ke6 32. b4 e4 33. b5
e3 34. Kd1 Bg4+ 35. Ke1 Kd5 36. h3 Bg3+ 37. Kf1 e2+ 38. Kg1 e1=Q# 0-1

[Event "DEM U10/U10w 2000"]
[Site "Überlingen GER"]
[Date "2000.06.07"]
[Round "7"]
[White "Wassilian, Diana"]
[Black "Göllner, Stefanie"]
[Result "1-0"]
[Termination "normal"]
[Board "38"]
[WhiteElo "889"]
[BlackElo "374"]
[PlyCount "47"]
[EventCountry "GER"]
[EventRounds "11"]
[EventType "swiss"]
[EventDate "2000.06.03"]

1. e4 e5 2. Nf3 Nc6 3. Bc4 h6 4. Nc3 Bc5 5. d3 Nf6 6. Be3 Bxe3 7. fxe3 d6 8. h3
O-O 9. O-O Nh5 10. Nxe5 Nxe5 11. Qxh5 Qe7 12. Bb3 b6 13. Nd5 Qd7 14. d4 Nc6 15.
Ba4 Bb7 16. Rf3 Qd8 17. Rg3 Qd7 18. Nf6+ Kh8 19. Nxd7 Rfe8 20. Nf6 Re6 21. Qxf7
Re7 22. Qg6 Nb4 23. a3 Nc6 24. Qh7# 1-0

[Event "DEM U10/U10w 2000"]
[Site "Überlingen GER"]
[Date "2000.06.07"]
[Round "7"]
[White "Cammann, Tim"]
[Black "Stöhr, Constantin"]
[Result "1-0"]
[Termination "normal"]
[Board "40"]
[WhiteElo "266"]
[BlackElo "742"]
[PlyCount "43"]
[EventCountry "GER"]
[EventRounds "11"]
[EventType "swiss"]
[EventDate "2000.06.03"]

1. d4 d5 2. c4 e6 3. Nc3 Nf6 4. Nf3 Bb4 5. Bg5 Be7 6. e3 O-O 7. Be2 h6 8. Bh4
Re8 9. Qb3 c6 10. O-O Nbd7 11. Rfe1 dxc4 12. Bxc4 b5 13. Bxe6 fxe6 14. Qxe6+
Kf8 15. Qxc6 Rb8 16. Nxb5 Rb6 17. Qc4 Ba6 18. a4 Qb8 19. Bxf6 Nxf6 20. Ne5 Nd5
21. Qxd5 Rf6 22. Nd7# 1-0

[Event "DEM U10/U10w 2000"]
[Site "Überlingen GER"]
[Date "2000.06.07"]
[Round "7"]
[White "Prosch, Florian"]
[Black "Marx, Heiner"]
[Result "0-1"]
[Termination "normal"]
[Board "42"]
[WhiteElo "717"]
[BlackElo "202"]
[PlyCount "38"]
[EventCountry "GER"]
[EventRounds "11"]
[EventType "swiss"]
[EventDate "2000.06.03"]

1. c4 e5 2. Nc3 Nf6 3. g3 d5 4. cxd5 Nxd5 5. Bg2 Be6 6. d3 Nc6 7. Nf3 Be7 8.
Nxd5 Bxd5 9. O-O O-O 10. e4 Be6 11. Bg5 Bxg5 12. Nxg5 Qxg5 13. Rc1 Bxa2 14. Qa4
Be6 15. Qb5 Rab8 16. Qc5 Nd4 17. Qxa7 Ne2+ 18. Kh1 Nxc1 19. Rxc1 Qxc1+ 0-1

[Event "DEM U10/U10w 2000"]
[Site "Überlingen GER"]
[Date "2000.06.07"]
[Round "7"]
[White "Hoffmann, Lena"]
[Black "Lips, Franziska"]
[Result "1-0"]
[Termination "normal"]
[Board "45"]
[WhiteElo "233"]
[BlackElo "840"]
[PlyCount "45"]
[WhiteFideId "24626597"]
[EventCountry "GER"]
[EventRounds "11"]
[EventType "swiss"]
[EventDate "2000.06.03"]

1. e4 e5 2. Nf3 Nc6 3. Bc4 Nf6 4. Ng5 Rg8 5. Bxf7+ Ke7 6. Bxg8 Nxg8 7. Nxh7 d6
8. d3 g6 9. Bg5+ Nf6 10. Bxf6+ Ke8 11. Bxd8 Kxd8 12. Nxf8 g5 13. Nc3 g4 14. Qd2
Ke8 15. Ng6 Bd7 16. Qh6 Kf7 17. Nh8+ Ke7 18. Nd5+ Kd8 19. Qf8+ Be8 20. Nf7+ Kd7
21. Nf6+ Kc8 22. Qxe8+ Nd8 23. Qxd8# 1-0

[Event "DEM U10/U10w 2000"]
[Site "Überlingen GER"]
[Date "2000.06.07"]
[Round "7"]
[White "Häcker, Katrin"]
[Black "Braun, Konstantin"]
[Result "1/2-1/2"]
[Termination "normal"]
[Board "47"]
[WhiteElo "350"]
[BlackElo "170"]
[PlyCount "85"]
[WhiteFideId "24667986"]
[EventCountry "GER"]
[EventRounds "11"]
[EventType "swiss"]
[EventDate "2000.06.03"]

1. e4 e5 2. Nf3 Nc6 3. Bb5 a6 4. Ba4 Nf6 5. O-O Bc5 6. Nc3 d6 7. d3 h6 8. h3 b5
9. Bb3 O-O 10. Be3 Bb6 11. Nd5 Be6 12. Nxb6 cxb6 13. Qd2 Rb8 14. Qc3 Bd7 15.
Bd5 Rc8 16. Qa3 Be6 17. Bxe6 fxe6 18. Qxa6 Nb4 19. Qxb5 Nxc2 20. Rac1 Nd7 21.
Qb3 Nxe3 22. Qxe6+ Kh8 23. fxe3 Nc5 24. Qg6 Rf6 25. Qg4 Nxd3 26. Rb1 Nb4 27.
Rfc1 Rxc1+ 28. Rxc1 Rf8 29. Qh5 Nxa2 30. Rf1 Qc7 31. Nh4 Rxf1+ 32. Kxf1 Qc1+
33. Kf2 Qxb2+ 34. Kf3 Qb3 35. Ng6+ Kh7 36. h4 Qf7+ 37. Nf4 Qxh5+ 38. Nxh5 b5
39. Ke2 b4 40. Kd2 b3 41. Ng3 g5 42. hxg5 hxg5 43. Nf5 1/2-1/2